[Event "Gibraltar Amateurs A"]
[Site "Gibraltar"]
[Date "2020.01.22"]
[Round "3.30"]
[White "Maloney, Harry"]
[Black "Haddock, Paul"]
[Result "1-0"]
[WhiteElo "1328"]
[BlackElo "1498"]
[PlyCount "99"]
[EventDate "2020.01.20"]
[EventType "swiss"]
[EventRounds "5"]
[EventCountry "GGB"]
[SourceTitle "BritBase"]
[Source "John Saunders"]
[SourceDate "2021.06.05"]
[SourceVersion "1"]
[SourceVersionDate "2021.06.05"]
[SourceQuality "1"]

1. e4 c5 2. Nf3 Nc6 3. d4 cxd4 4. Nxd4 g6 5. Nc3 Bg7 6. Be3 Nf6 7. Qf3 Ne5 8.
Qd1 O-O 9. f4 Nc6 10. e5 Ne8 11. Qf3 Nxd4 12. Bxd4 Qa5 13. Qd5 Qxd5 14. Nxd5 e6
15. Ne3 d5 16. Bc5 b6 17. Bxf8 Bxf8 18. O-O-O h5 19. Be2 Bc5 20. Nf1 Bb7 21.
Nd2 Be3 22. Kb1 Bxf4 23. Nf3 Ng7 24. g3 Be3 25. Nd4 Nf5 26. Nxf5 exf5 27. Bf3
Re8 28. Bxd5 Ba6 29. c4 Rxe5 30. Rhe1 f4 31. gxf4 Bxf4 32. Rxe5 Bxe5 33. Rf1
Kg7 34. Rxf7+ Kh6 35. Rxa7 Bc8 36. Ra8 Bf5+ 37. Kc1 Bxh2 38. c5 bxc5 39. a4
Bf4+ 40. Kd1 Kg5 41. a5 Be5 42. a6 Bxb2 43. Rb8 Be5 44. a7 Bxb8 45. axb8=Q h4
46. Ke1 Kg4 47. Kf2 g5 48. Bf3+ Kh3 49. Kg1 g4 50. Qh2# 1-0

[Event "Gibraltar Amateurs A"]
[Site "Gibraltar"]
[Date "2020.01.23"]
[Round "4.2"]
[White "Ashwani, Kumar Grover"]
[Black "Nebel, Uwe"]
[Result "1-0"]
[WhiteElo "1731"]
[BlackElo "1847"]
[PlyCount "49"]
[EventDate "2020.01.20"]
[EventType "swiss"]
[EventRounds "5"]
[EventCountry "GGB"]
[SourceTitle "BritBase"]
[Source "John Saunders"]
[SourceDate "2021.06.05"]
[SourceVersion "1"]
[SourceVersionDate "2021.06.05"]
[SourceQuality "1"]

1. e4 c5 2. Nc3 e6 3. f4 d5 4. Nf3 dxe4 5. Nxe4 Nf6 6. d3 Nc6 7. g3 Be7 8. Bg2
Qc7 9. Be3 b6 10. Ne5 Nd5 11. Bd2 Nxe5 12. fxe5 Qxe5 13. c4 f5 14. cxd5 fxe4
15. Bc3 Qg5 16. O-O exd5 17. dxe4 d4 18. e5 Rb8 19. Bxd4 cxd4 20. Bc6+ Kd8 21.
Qxd4+ Kc7 22. Rac1 Bc5 23. Rxc5 bxc5 24. Qxc5 Bb7 25. Rf7+ 1-0

[Event "Gibraltar Amateurs A"]
[Site "Gibraltar"]
[Date "2020.01.23"]
[Round "4.3"]
[White "Bussmann, John"]
[Black "Teh, Wee Zhun"]
[Result "0-1"]
[WhiteElo "1752"]
[BlackElo "1857"]
[PlyCount "102"]
[EventDate "2020.01.20"]
[EventType "swiss"]
[EventRounds "5"]
[EventCountry "GGB"]
[SourceTitle "BritBase"]
[Source "John Saunders"]
[SourceDate "2021.06.05"]
[SourceVersion "1"]
[SourceVersionDate "2021.06.05"]
[SourceQuality "1"]

1. Nf3 d5 2. g3 c6 3. Bg2 Nf6 4. d3 Bg4 5. Nbd2 Nbd7 6. c4 e6 7. O-O Be7 8. b3
O-O 9. Bb2 a5 10. a3 Qb8 11. d4 h6 12. Re1 Bf5 13. Ne5 Rd8 14. f4 Ng4 15. e4
Ngxe5 16. fxe5 dxe4 17. Bxe4 Bxe4 18. Rxe4 f5 19. exf6 Bxf6 20. Qh5 Qd6 21.
Rae1 Nf8 22. Nf3 Qe7 23. Bc1 Qf7 24. Qh3 b5 25. Rf1 Qg6 26. Rg4 Qh7 27. Qh5 Qf5
28. Ng5 hxg5 29. Rxf5 exf5 30. Rxg5 Bxg5 31. Qxg5 Rxd4 32. cxb5 cxb5 33. Bb2
Rd1+ 34. Kg2 Ra7 35. Kf3 Rad7 36. h4 R7d3+ 37. Ke2 Rd7 38. Bc3 R1d3 39. Bxa5
Rxb3 40. Bb4 Ne6 41. Qh5 Rf7 42. Qg6 Nd4+ 43. Kd2 Nf3+ 44. Ke2 Nd4+ 45. Kf1 f4
46. g4 Rf3+ 47. Kg2 Rg3+ 48. Kf2 Rf3+ 49. Ke1 Re3+ 50. Kf1 Rc7 51. Qb6 Rc1+ 0-1

[Event "Gibraltar Amateurs A"]
[Site "Gibraltar"]
[Date "2020.01.23"]
[Round "4.4"]
[White "Jacob, Sydney J"]
[Black "Zitan, Abdelhay"]
[Result "1/2-1/2"]
[WhiteElo "1816"]
[BlackElo "1705"]
[PlyCount "62"]
[EventDate "2020.01.20"]
[EventType "swiss"]
[EventRounds "5"]
[EventCountry "GGB"]
[SourceTitle "BritBase"]
[Source "John Saunders"]
[SourceDate "2021.06.05"]
[SourceVersion "1"]
[SourceVersionDate "2021.06.05"]
[SourceQuality "1"]

1. e4 e5 2. Nf3 Nc6 3. Bb5 a6 4. Ba4 Nf6 5. O-O b5 6. Bb3 Be7 7. Re1 d6 8. c3
O-O 9. d4 Bg4 10. d5 Nb8 11. Nbd2 c6 12. dxc6 Nxc6 13. Nf1 Na5 14. Bc2 Re8 15.
Ng3 Nc6 16. h3 Bd7 17. Bg5 Be6 18. Qd2 Qc7 19. Nf5 Bxf5 20. exf5 Red8 21. Qe2
h6 22. Bd2 Rab8 23. Bd3 Nd7 24. Rad1 d5 25. Bb1 e4 26. Nh2 Nf6 27. Ng4 Nxg4 28.
Qxg4 Ne5 29. Bf4 Bd6 30. Qh5 Be7 31. Qe2 Bf6 1/2-1/2

[Event "Gibraltar Amateurs A"]
[Site "Gibraltar"]
[Date "2020.01.23"]
[Round "4.6"]
[White "Kovacevic, Aleksandar S"]
[Black "Greco, Joseph"]
[Result "0-1"]
[WhiteElo "1804"]
[BlackElo "1691"]
[PlyCount "102"]
[EventDate "2020.01.20"]
[EventType "swiss"]
[EventRounds "5"]
[EventCountry "GGB"]
[SourceTitle "BritBase"]
[Source "John Saunders"]
[SourceDate "2021.06.05"]
[SourceVersion "1"]
[SourceVersionDate "2021.06.05"]
[SourceQuality "1"]

1. b4 d5 2. Nf3 Nf6 3. e3 e6 4. a3 c5 5. bxc5 Bxc5 6. Nc3 O-O 7. Be2 Nc6 8. Bb2
a6 9. O-O b5 10. Ng5 h6 11. Nf3 Bd7 12. Re1 Qc7 13. Bf1 Rfc8 14. Ne2 Be7 15.
Rc1 Qa5 16. Ra1 Qc7 17. g3 b4 18. Qb1 Rcb8 19. Qa2 a5 20. Ned4 Nxd4 21. Bxd4
Rc8 22. Rec1 bxa3 23. c4 dxc4 24. Bxc4 Qd8 25. d3 Bc6 26. Ne5 Bd5 27. Rab1 Rab8
28. Rxb8 Rxb8 29. Bxd5 Qxd5 30. Qxd5 Nxd5 31. Nc6 Rb7 32. Nxe7+ Nxe7 33. Ra1
Rb3 34. Bc5 Nd5 35. Rxa3 Rxa3 36. Bxa3 Nb4 37. d4 Nc2 38. Bb2 a4 39. Kg2 a3 40.
Bc3 a2 41. Kf3 a1=Q 42. Bxa1 Nxa1 43. Ke4 f6 44. f4 f5+ 45. Ke5 Kf7 46. d5 exd5
47. Kxf5 Nc2 48. Ke5 Nxe3 49. h3 Kg6 50. g4 Ng2 51. f5+ Kg5 0-1

[Event "Gibraltar Amateurs A"]
[Site "Gibraltar"]
[Date "2020.01.23"]
[Round "4.7"]
[White "Coric, Gojko"]
[Black "Johansson, Daniel 1984"]
[Result "1-0"]
[WhiteElo "1704"]
[BlackElo "1799"]
[PlyCount "94"]
[EventDate "2020.01.20"]
[EventType "swiss"]
[EventRounds "5"]
[EventCountry "GGB"]
[SourceTitle "BritBase"]
[Source "John Saunders"]
[SourceDate "2021.06.05"]
[SourceVersion "1"]
[SourceVersionDate "2021.06.05"]
[SourceQuality "1"]

1. d4 Nf6 2. Nf3 e6 3. Bf4 d5 4. e3 Bd6 5. Bg5 h6 6. Bh4 Nbd7 7. c4 c6 8. Nc3
O-O 9. Be2 b6 10. a3 Bb7 11. O-O Re8 12. Rc1 a6 13. b4 a5 14. c5 bxc5 15. bxc5
Bc7 16. Rb1 Rb8 17. Qc2 Qc8 18. h3 Ba6 19. Bg3 Bxg3 20. fxg3 Bxe2 21. Qxe2 Qc7
22. Qf2 e5 23. g4 Rxb1 24. Rxb1 exd4 25. exd4 Qf4 26. Re1 Rxe1+ 27. Qxe1 Ne4
28. a4 f6 29. Ne2 Qe3+ 30. Kf1 Nf8 31. Nc1 Ng3+ 32. Qxg3 Qxc1+ 33. Qe1 Qc4+ 34.
Kg1 Qxa4 35. Qe8 Qb3 36. Kh2 Qb7 37. Nh4 Qd7 38. Qa8 Qc7+ 39. Kg1 Kf7 40. Nf5
g6 41. Nd6+ Kg8 42. h4 h5 43. gxh5 gxh5 44. Qe8 Qd7 45. Qxh5 Qe7 46. Nf5 Qh7
47. Nh6+ Kh8 1-0

[Event "Gibraltar Amateurs A"]
[Site "Gibraltar"]
[Date "2020.01.23"]
[Round "4.13"]
[White "Sedgwick, David"]
[Black "Hudson, Jeremy"]
[Result "1-0"]
[WhiteElo "1894"]
[BlackElo "1570"]
[PlyCount "73"]
[EventDate "2020.01.20"]
[EventType "swiss"]
[EventRounds "5"]
[EventCountry "GGB"]
[SourceTitle "BritBase"]
[Source "John Saunders"]
[SourceDate "2021.06.05"]
[SourceVersion "1"]
[SourceVersionDate "2021.06.05"]
[SourceQuality "1"]

1. e4 e5 2. Nf3 Nf6 3. Nc3 Nc6 4. d4 exd4 5. Nxd4 Bc5 6. Be3 Bxd4 7. Bxd4 Nxd4
8. Qxd4 O-O 9. e5 Ne8 10. O-O-O d6 11. f4 Bg4 12. Rd3 Bf5 13. Rd2 Qh4 14. exd6
Nxd6 15. g3 Qd8 16. Rg1 a6 17. g4 Bd7 18. Bd3 Bb5 19. Nxb5 axb5 20. a3 Ra4 21.
Qd5 b4 22. Rg3 bxa3 23. Bxh7+ Kxh7 24. Qh5+ Kg8 25. Rh3 axb2+ 26. Kb1 Ra1+ 27.
Kxb2 Qf6+ 28. c3 Nc4+ 29. Kxa1 Ra8+ 30. Ra2 Rxa2+ 31. Kxa2 Qa6+ 32. Kb3 Nd2+
33. Kc2 Qa2+ 34. Kd1 Kf8 35. Qh8+ Ke7 36. Re3+ Kf6 37. Qd8+ 1-0

[Event "Gibraltar Amateurs A"]
[Site "Gibraltar"]
[Date "2020.01.23"]
[Round "4.14"]
[White "Longdin, Michael"]
[Black "Nash, Damian"]
[Result "0-1"]
[WhiteElo "1680"]
[BlackElo "1890"]
[PlyCount "110"]
[EventDate "2020.01.20"]
[EventType "swiss"]
[EventRounds "5"]
[EventCountry "GGB"]
[SourceTitle "BritBase"]
[Source "John Saunders"]
[SourceDate "2021.06.05"]
[SourceVersion "1"]
[SourceVersionDate "2021.06.05"]
[SourceQuality "1"]

1. d4 d5 2. Bf4 Bf5 3. e3 Nc6 4. c3 Qd7 5. Nf3 f6 6. Nbd2 g5 7. Bg3 h5 8. h3 e6
9. Nb3 O-O-O 10. Bd3 Nh6 11. a3 Bxd3 12. Qxd3 Nf5 13. Bh2 g4 14. Nfd2 Qg7 15.
O-O-O g3 16. fxg3 Nxg3 17. Rhe1 h4 18. e4 Qg6 19. Bxg3 hxg3 20. Nf1 Rg8 21.
exd5 Qg5+ 22. Kb1 Qxd5 23. Qc2 Qf5 24. Qxf5 exf5 25. Nfd2 b6 26. Nf3 Bd6 27.
Nbd2 Ne7 28. Nc4 Nd5 29. Nxd6+ Rxd6 30. c4 Nf4 31. Rd2 Re6 32. Rxe6 Nxe6 33.
Kc2 Kd7 34. Kd1 Ng5 35. Nxg5 fxg5 36. Re2 g4 37. hxg4 Rxg4 38. Rd2 Re4 39. Rd3
f4 40. b3 a5 41. d5 Kd6 42. Kd2 Kc5 43. Kc3 Re2 44. b4+ axb4+ 45. axb4+ Kd6 46.
Kd4 Rxg2 47. c5+ bxc5+ 48. bxc5+ Kd7 49. Rf3 Rd2+ 50. Ke5 g2 51. c6+ Ke7 52.
Rh3 Re2+ 53. Kf5 g1=Q 54. Rh7+ Kd6 55. Rd7+ Kc5 0-1

[Event "Gibraltar Amateurs A"]
[Site "Gibraltar"]
[Date "2020.01.23"]
[Round "4.20"]
[White "Henderson, Se"]
[Black "Olaizola, Miguel"]
[Result "1-0"]
[WhiteElo "1517"]
[BlackElo "1809"]
[PlyCount "106"]
[EventDate "2020.01.20"]
[EventType "swiss"]
[EventRounds "5"]
[EventCountry "GGB"]
[SourceTitle "BritBase"]
[Source "John Saunders"]
[SourceDate "2021.06.05"]
[SourceVersion "1"]
[SourceVersionDate "2021.06.05"]
[SourceQuality "1"]

1. d4 d5 2. e3 Nf6 3. Bd3 g6 4. f4 Bg7 5. Nf3 c5 6. c3 cxd4 7. cxd4 Nc6 8. O-O
O-O 9. Nbd2 Nb4 10. Bb1 Bd7 11. Ne5 Bb5 12. Re1 Rc8 13. Qb3 Qa5 14. a3 Nc6 15.
Ndf3 Nxe5 16. fxe5 Bc4 17. Qd1 Nd7 18. Bd2 Qb6 19. Bc3 e6 20. Qd2 f6 21. exf6
Bxf6 22. Bc2 Qc7 23. Rac1 Be7 24. Bd3 Bb3 25. Bb4 Bxb4 26. Qxb4 Bc4 27. Bxc4
dxc4 28. Qe7 Rce8 29. Qh4 Rf5 30. Re2 Rh5 31. Qe4 b5 32. h4 Nf6 33. Qf4 Qxf4
34. exf4 Nd5 35. g3 Rf5 36. Kf2 a5 37. Rce1 b4 38. Rxe6 Rxe6 39. Rxe6 c3 40.
bxc3 b3 41. c4 b2 42. Nd2 Nc3 43. Rb6 Rf7 44. Kf3 Rd7 45. Rxb2 Rxd4 46. c5 Rd3+
47. Kg2 Na4 48. Rb8+ Kf7 49. Ne4 Nxc5 50. Nxc5 Rxa3 51. Rb6 h5 52. Ra6 Ke7 53.
Nb7 a4 1-0

[Event "Gibraltar Amateurs A"]
[Site "Gibraltar"]
[Date "2020.01.23"]
[Round "4.21"]
[White "Salas Calvo, Alberto"]
[Black "Davies, Cledwyn"]
[Result "1-0"]
[WhiteElo "1645"]
[BlackElo "1507"]
[PlyCount "99"]
[EventDate "2020.01.20"]
[EventType "swiss"]
[EventRounds "5"]
[EventCountry "GGB"]
[SourceTitle "BritBase"]
[Source "John Saunders"]
[SourceDate "2021.06.05"]
[SourceVersion "1"]
[SourceVersionDate "2021.06.05"]
[SourceQuality "1"]

1. d4 Nf6 2. c4 c5 3. d5 b5 4. cxb5 a6 5. bxa6 Bxa6 6. Nc3 d6 7. e4 Bxf1 8.
Kxf1 g6 9. g3 Bg7 10. Kg2 O-O 11. Nf3 Nbd7 12. a4 Ne8 13. Qc2 Nc7 14. Bd2 Na6
15. Nb5 Nc7 16. Nxc7 Qxc7 17. Bc3 Rfb8 18. Bxg7 Kxg7 19. Rhb1 Rb4 20. b3 Qa5
21. Nd2 Nb6 22. Rc1 Rc8 23. Qb2+ f6 24. Nc4 Nxc4 25. Rxc4 Rxc4 26. bxc4 Qb4 27.
Qa2 Rb8 28. a5 Qb3 29. Qxb3 Rxb3 30. a6 Rb8 31. Kf3 Kf7 32. Ke3 Ke8 33. a7 Ra8
34. f4 Kd7 35. e5 Kc7 36. exf6 exf6 37. Ra6 f5 38. Kd3 h6 39. Kc3 g5 40. Kb3
gxf4 41. gxf4 h5 42. Ka4 h4 43. h3 Kd7 44. Kb5 Kc7 45. Rc6+ Kb7 46. Rb6+ Kc7
47. Ka6 Kc8 48. Rc6+ Kd7 49. Kb7 Rh8 50. Rc7+ 1-0

[Event "Gibraltar Amateurs A"]
[Site "Gibraltar"]
[Date "2020.01.23"]
[Round "4.22"]
[White "Zhou, Jing"]
[Black "Clare, Steve"]
[Result "0-1"]
[WhiteElo "1457"]
[BlackElo "1632"]
[PlyCount "92"]
[EventDate "2020.01.20"]
[EventType "swiss"]
[EventRounds "5"]
[EventCountry "GGB"]
[SourceTitle "BritBase"]
[Source "John Saunders"]
[SourceDate "2021.06.05"]
[SourceVersion "1"]
[SourceVersionDate "2021.06.05"]
[SourceQuality "1"]

1. Nf3 f5 2. d4 Nf6 3. e3 e6 4. Bd3 d5 5. b3 Bd6 6. Bb2 O-O 7. Nbd2 Ne4 8. Qe2
Nd7 9. O-O Rf6 10. Ne5 Rh6 11. f4 Bxe5 12. fxe5 Nxd2 13. Qxd2 Qh4 14. g3 Qe7
15. c4 dxc4 16. bxc4 c6 17. a4 b6 18. a5 a6 19. Qg2 Bb7 20. axb6 Nxb6 21. c5
Nd5 22. Qd2 Qg5 23. Bc1 Qg6 24. Rb1 Ra7 25. Qa5 Qh5 26. Qd2 Nxe3 27. Qf2 Ng4
28. Be2 Nxf2 29. Bxh5 Nh3+ 30. Kg2 Rxh5 31. g4 fxg4 32. Kg3 Rf5 33. Be3 h5 34.
Kh4 g6 35. Bh6 Kf7 36. Kg3 a5 37. Ra1 a4 38. Rfb1 Rf3+ 39. Kh4 a3 40. Rb6 Rf2
41. Rxa3 Rxa3 42. Rxb7+ Ke8 43. Rb8+ Kd7 44. Rb7+ Kc8 45. Rg7 Rxh2 46. Rxg6
Nf4+ 0-1

[Event "Gibraltar Amateurs A"]
[Site "Gibraltar"]
[Date "2020.01.23"]
[Round "4.23"]
[White "Kearsley, Raymond J"]
[Black "Maloney, Harry"]
[Result "1-0"]
[WhiteElo "1611"]
[BlackElo "1328"]
[PlyCount "31"]
[EventDate "2020.01.20"]
[EventType "swiss"]
[EventRounds "5"]
[EventCountry "GGB"]
[SourceTitle "BritBase"]
[Source "John Saunders"]
[SourceDate "2021.06.05"]
[SourceVersion "1"]
[SourceVersionDate "2021.06.05"]
[SourceQuality "1"]

1. e4 c5 2. Nf3 Nc6 3. Bb5 e6 4. O-O a6 5. Bxc6 bxc6 6. d3 Qc7 7. Nc3 d5 8. Re1
Nf6 9. Bg5 Nd7 10. exd5 cxd5 11. Nxd5 Qc6 12. c4 Nb6 13. Ne5 Qb7 14. Nxb6 Qxb6
15. Qa4+ Bd7 16. Qxd7# 1-0

[Event "Gibraltar Amateurs A"]
[Site "Gibraltar"]
[Date "2020.01.23"]
[Round "4.25"]
[White "Reyes, Craig"]
[Black "Busch, Guenther"]
[Result "1/2-1/2"]
[WhiteElo "1240"]
[BlackElo "1520"]
[PlyCount "53"]
[EventDate "2020.01.20"]
[EventType "swiss"]
[EventRounds "5"]
[EventCountry "GGB"]
[SourceTitle "BritBase"]
[Source "John Saunders"]
[SourceDate "2021.06.05"]
[SourceVersion "1"]
[SourceVersionDate "2021.06.05"]
[SourceQuality "1"]

1. f4 g6 2. Nf3 b6 3. e3 Ba6 4. Bxa6 Nxa6 5. O-O Bg7 6. c3 c6 7. d4 Nc7 8. Qe1
Nh6 9. e4 f6 10. Nbd2 Nf7 11. Qh4 e6 12. Qg3 O-O 13. f5 g5 14. h4 exf5 15. exf5
d5 16. Re1 Re8 17. Rxe8+ Nxe8 18. Nf1 h6 19. Ne3 Ned6 20. Bd2 Qd7 21. Qh3 Re8
22. Re1 Re4 23. hxg5 hxg5 24. g4 Nh6 25. Qh5 Qf7 26. Qh2 Qd7 27. Qh5 1/2-1/2

[Event "Gibraltar Amateurs A"]
[Site "Gibraltar"]
[Date "2020.01.23"]
[Round "4.28"]
[White "Oliva Parra, Ernesto"]
[Black "Naldrett, Geoffrey"]
[Result "0-1"]
[WhiteElo "1487"]
[BlackElo "1526"]
[PlyCount "124"]
[EventDate "2020.01.20"]
[EventType "swiss"]
[EventRounds "5"]
[EventCountry "GGB"]
[SourceTitle "BritBase"]
[Source "John Saunders"]
[SourceDate "2021.06.05"]
[SourceVersion "1"]
[SourceVersionDate "2021.06.05"]
[SourceQuality "1"]

1. e4 c6 2. d4 d5 3. e5 Bf5 4. Nf3 e6 5. c3 h6 6. Be2 Nd7 7. h3 Ne7 8. O-O c5
9. b4 c4 10. Na3 a6 11. Nc2 b5 12. Ne3 Bh7 13. Bd2 Nb6 14. Qc1 Nf5 15. Ng4 Na4
16. Bd1 Nb6 17. Bc2 Nh4 18. Nfh2 Bxc2 19. Qxc2 Be7 20. Qd1 Bg5 21. f4 Be7 22.
Be1 Nf5 23. Qf3 Na4 24. Qe2 Bh4 25. Qd2 Bxe1 26. Rfxe1 Ng3 27. Rac1 Ne4 28. Qe3
Nb2 29. Rc2 Nd3 30. Rf1 h5 31. Nf2 Ndxf2 32. Rcxf2 Nxf2 33. Qxf2 g6 34. Nf3 a5
35. a3 axb4 36. axb4 Ra3 37. Qc2 O-O 38. Ng5 Kg7 39. Rf3 Qe7 40. Rg3 Rfa8 41.
Kh2 Ra1 42. Qd2 R8a2 43. Qe3 Rd1 44. Nf3 Raa1 45. Rg5 Rd3 46. Qe2 Rxc3 47. Nh4
Rcc1 48. Qxh5 Rh1+ 49. Kg3 Ra3+ 50. Kg4 Qe8 51. f5 exf5+ 52. Nxf5+ Kg8 53. Qh4
Rg1 54. g3 Qe6 55. Kf4 Rf1+ 56. Kg4 Rxf5 57. Qh6 Rxg5+ 58. Kxg5 Qf5+ 59. Kh4
Qh5+ 60. Qxh5 gxh5 61. g4 hxg4 62. Kxg4 c3 0-1

[Event "Gibraltar Amateurs A"]
[Site "Gibraltar"]
[Date "2020.01.23"]
[Round "4.29"]
[White "Haddock, Paul"]
[Black "Apps, Ian"]
[Result "1-0"]
[WhiteElo "1498"]
[BlackElo "1308"]
[PlyCount "67"]
[EventDate "2020.01.20"]
[EventType "swiss"]
[EventRounds "5"]
[EventCountry "GGB"]
[SourceTitle "BritBase"]
[Source "John Saunders"]
[SourceDate "2021.06.05"]
[SourceVersion "1"]
[SourceVersionDate "2021.06.05"]
[SourceQuality "1"]

1. e4 Nf6 2. e5 Nd5 3. c4 Nb6 4. d4 d6 5. exd6 cxd6 6. h3 g6 7. Nf3 Bg7 8. Nc3
O-O 9. Be3 Bf5 10. Qd2 Na6 11. a3 Nc7 12. Bh6 f6 13. Bxg7 Kxg7 14. d5 e5 15.
dxe6 Bxe6 16. b3 Qe7 17. Be2 Na6 18. O-O Nc5 19. Rab1 Rad8 20. Nd4 Bf7 21. Rfe1
Qc7 22. Bf1 d5 23. cxd5 Nxd5 24. b4 Na6 25. Bxa6 Nxc3 26. Rbc1 bxa6 27. Rxc3
Qb6 28. Rc5 a5 29. Qc3 axb4 30. axb4 Qb7 31. Rc7 Qb8 32. Ne6+ Kg8 33. Qxf6 Bxe6
34. Qg7# 1-0

[Event "Gibraltar Amateurs A"]
[Site "Gibraltar"]
[Date "2020.01.24"]
[Round "5.2"]
[White "Teh, Wee Zhun"]
[Black "Dennis, Nigel W"]
[Result "1/2-1/2"]
[WhiteElo "1857"]
[BlackElo "1784"]
[PlyCount "53"]
[EventDate "2020.01.20"]
[EventType "swiss"]
[EventRounds "5"]
[EventCountry "GGB"]
[SourceTitle "BritBase"]
[Source "John Saunders"]
[SourceDate "2021.06.05"]
[SourceVersion "1"]
[SourceVersionDate "2021.06.05"]
[SourceQuality "1"]

1. d4 Nf6 2. c4 g6 3. Nc3 Bg7 4. e4 d6 5. Be2 O-O 6. Be3 e5 7. d5 Nbd7 8. g4
Nc5 9. f3 a5 10. h4 h5 11. g5 Ne8 12. Qd2 f5 13. gxf6 Bxf6 14. Bf2 Kh7 15.
O-O-O a4 16. Nh3 Bxh3 17. Rxh3 Bg7 18. Be3 Nf6 19. Rg1 Ng8 20. Rhg3 Rf6 21. Kb1
Bh6 22. Bxh6 Nxh6 23. Bd1 Ng8 24. Qg2 Ne7 25. Rg5 Qf8 26. Be2 Qf7 27. Qg3
1/2-1/2

[Event "Gibraltar Amateurs A"]
[Site "Gibraltar"]
[Date "2020.01.24"]
[Round "5.8"]
[White "Kuenitz, Klaus"]
[Black "Sedgwick, David"]
[Result "0-1"]
[WhiteElo "1726"]
[BlackElo "1894"]
[PlyCount "58"]
[EventDate "2020.01.20"]
[EventType "swiss"]
[EventRounds "5"]
[EventCountry "GGB"]
[SourceTitle "BritBase"]
[Source "John Saunders"]
[SourceDate "2021.06.05"]
[SourceVersion "1"]
[SourceVersionDate "2021.06.05"]
[SourceQuality "1"]

1. e4 e6 2. d4 d5 3. e5 c5 4. c3 Nc6 5. Nf3 Qb6 6. a3 Bd7 7. dxc5 Bxc5 8. Qc2
a5 9. Bd3 Nge7 10. O-O Ng6 11. Bxg6 hxg6 12. Bg5 Be7 13. Bf4 Rc8 14. Qd2 a4 15.
Nd4 Na5 16. Qc1 Bc5 17. Be3 Nb3 18. Nxb3 Bxe3 19. Qxe3 Qxb3 20. Qc1 d4 21. Rd1
Qb5 22. f4 Qc5 23. Kh1 Bc6 24. Qd2 d3 25. c4 Rh4 26. Nc3 Rg4 27. Rg1 Qxc4 28.
Raf1 Ke7 29. Nd1 Rh8 0-1

[Event "Gibraltar Amateurs A"]
[Site "Gibraltar"]
[Date "2020.01.24"]
[Round "5.9"]
[White "Nash, Damian"]
[Black "Collins, Andrew"]
[Result "1-0"]
[WhiteElo "1890"]
[BlackElo "1720"]
[PlyCount "76"]
[EventDate "2020.01.20"]
[EventType "swiss"]
[EventRounds "5"]
[EventCountry "GGB"]
[SourceTitle "BritBase"]
[Source "John Saunders"]
[SourceDate "2021.06.05"]
[SourceVersion "1"]
[SourceVersionDate "2021.06.05"]
[SourceQuality "1"]

1. Nc3 Nf6 2. g3 d5 3. Bg2 c6 4. d3 e5 5. e4 d4 6. Nce2 Be7 7. f4 Nbd7 8. Nf3
exf4 9. gxf4 c5 10. O-O Nb6 11. a4 a5 12. Bd2 Ra6 13. Qe1 Ng4 14. h3 Nf6 15. b3
Na8 16. Rd1 Nh5 17. Bc1 Bd7 18. c3 Be6 19. c4 Qc8 20. f5 Bd7 21. Nf4 Nxf4 22.
Bxf4 g5 23. Nxg5 h6 24. Nf3 f6 25. Nh4 Rg8 26. Qe2 Kd8 27. Qh5 Nc7 28. Bxh6 Rb6
29. Qf7 Re8 30. Ng6 Bc6 31. Bg7 Rxb3 32. Nxe7 Rxe7 33. Bxf6 Qd7 34. e5 Rb2 35.
Qf8+ Ne8 36. Qxe7+ Qxe7 37. Bxe7+ Kxe7 38. Bxc6 bxc6 1-0

[Event "Gibraltar Amateurs A"]
[Site "Gibraltar"]
[Date "2020.01.24"]
[Round "5.13"]
[White "Kearsley, Raymond J"]
[Black "Bryant, Richard B E"]
[Result "1/2-1/2"]
[WhiteElo "1611"]
[BlackElo "1849"]
[PlyCount "83"]
[EventDate "2020.01.20"]
[EventType "swiss"]
[EventRounds "5"]
[EventCountry "GGB"]
[SourceTitle "BritBase"]
[Source "John Saunders"]
[SourceDate "2021.06.05"]
[SourceVersion "1"]
[SourceVersionDate "2021.06.05"]
[SourceQuality "1"]

1. e4 b6 2. d4 Bb7 3. Nc3 e6 4. Nf3 Bb4 5. Bd3 Nf6 6. Qe2 c5 7. a3 Bxc3+ 8.
bxc3 c4 9. Bxc4 Nxe4 10. Bb2 Qc7 11. O-O f5 12. Rad1 O-O 13. d5 exd5 14. Bxd5+
Bxd5 15. Rxd5 Nc6 16. Rfd1 Nc5 17. Ne5 Nxe5 18. Qxe5 Qxe5 19. Rxe5 Rae8 20.
Rde1 Rxe5 21. Rxe5 Na4 22. Ba1 Rf6 23. Rd5 Rf7 24. c4 Kf8 25. Bd4 Ke7 26. Be5
a6 27. f3 Ke6 28. Kf2 b5 29. f4 Ke7 30. cxb5 Nb6 31. Rd6 Nc8 32. Rxa6 d6 33.
Bd4 Ke6 34. Ke3 Rc7 35. Kd3 Rb7 36. c4 g6 37. a4 Kd7 38. Kc3 Kc7 39. a5 d5 40.
Rc6+ Kb8 41. a6 Rd7 42. Be5+ 1/2-1/2

[Event "Gibraltar Amateurs A"]
[Site "Gibraltar"]
[Date "2020.01.24"]
[Round "5.14"]
[White "Hudson, Jeremy"]
[Black "Kovacevic, Aleksandar S"]
[Result "0-1"]
[WhiteElo "1570"]
[BlackElo "1804"]
[PlyCount "52"]
[EventDate "2020.01.20"]
[EventType "swiss"]
[EventRounds "5"]
[EventCountry "GGB"]
[SourceTitle "BritBase"]
[Source "John Saunders"]
[SourceDate "2021.06.05"]
[SourceVersion "1"]
[SourceVersionDate "2021.06.05"]
[SourceQuality "1"]

1. e4 e6 2. c4 d5 3. exd5 exd5 4. cxd5 Qxd5 5. Nc3 Qd8 6. Bc4 Nf6 7. Qb3 Qe7+
8. Nge2 Nc6 9. d3 a6 10. Bf4 b5 11. Bxb5 axb5 12. Nxb5 Rb8 13. O-O g5 14. Ned4
Nxd4 15. Nxc7+ Qxc7 16. Qxb8 Qxb8 17. Bxb8 Nc6 18. Rac1 Kd7 19. Bg3 Nd5 20. a4
f5 21. f4 Nd4 22. Rfe1 gxf4 23. Bf2 Ne3 24. Kh1 Bb7 25. Bxe3 fxe3 26. Rxe3 Bh6
0-1

[Event "Gibraltar Amateurs A"]
[Site "Gibraltar"]
[Date "2020.01.24"]
[Round "5.15"]
[White "Oueld El Hachemi, Abdelhaq"]
[Black "Savage, Neil"]
[Result "1-0"]
[WhiteElo "1788"]
[BlackElo "1608"]
[PlyCount "35"]
[EventDate "2020.01.20"]
[EventType "swiss"]
[EventRounds "5"]
[EventCountry "GGB"]
[SourceTitle "BritBase"]
[Source "John Saunders"]
[SourceDate "2021.06.05"]
[SourceVersion "1"]
[SourceVersionDate "2021.06.05"]
[SourceQuality "1"]

1. d4 Nf6 2. Nc3 e6 3. e4 Bb4 4. Bd3 c5 5. dxc5 Bxc5 6. Nf3 O-O 7. O-O Nc6 8.
e5 Ng4 9. Bxh7+ Kh8 10. Bf4 Nxf2 11. Rxf2 Bxf2+ 12. Kxf2 Kxh7 13. Ng5+ Kg8 14.
Qh5 Re8 15. Qxf7+ Kh8 16. Qh5+ Kg8 17. Qh7+ Kf8 18. Qh8+ 1-0